00938nam a2200265 i 4500003000900000005001700009007000300026008004100029020001800070040003000088082001400118100003800132245003000170250001800200264003900218300002600257336002700283337003300310338002800343590002800371910000700399942001400406952023500420999001700655DO-SdBNP20241007083216.0ta240407s2010 dr 000 p spa d a9788493750282 aDO-SdBNPbspacBNPHUerda bD546s222 aDicent, Juaneautord1969-98519413aSummertime /cJuan Dicent a4a. edición aSanto Domingo :bUniversos, c2010 a132 páginasc21 cm. 2rdacontentatextobtxt 2rdamediaasin mediaciónbn 2rdacarrieravolumenbnc aInventariado, 2024 / DG aDG 2ddccLBS1 00102ddc51708PDaBNPHUbBNPHUcCTd2024-10-07edonado por la Presidencia de la República Dominicana 2023l0oBNPHU PD D546sp2024-5598r2024-10-07w2024-10-07yLBS1zPerteneció a la biblioteca de René Rodríguez Soriano c57763d57763